<?xml version="1.0" encoding="UTF-8"?>
<collection xmlns="http://www.loc.gov/MARC21/slim">
  <record>
    <leader>00000nam  2200000   4500</leader>
    <controlfield tag="001">INLIS000000000016880</controlfield>
    <controlfield tag="005">20240306030721</controlfield>
    <datafield tag="035" ind1="#" ind2="#">
      <subfield code="a">0010-0324000027</subfield>
    </datafield>
    <controlfield tag="007">ta</controlfield>
    <controlfield tag="008">240306################|##########|#|##</controlfield>
    <datafield tag="084" ind1="#" ind2="#">
      <subfield code="a">R 029 LATSAR 2021</subfield>
    </datafield>
    <datafield tag="100" ind1=" " ind2="#">
      <subfield code="a">Devara Febrydo Batubara</subfield>
    </datafield>
    <datafield tag="245" ind1="1" ind2="#">
      <subfield code="a">Pengintegrasian Data Penunjang Kinerja Kehumasan Di Sekretariat Bawaslu Provinsi Banten /</subfield>
      <subfield code="c">Devara Febrydo Batubara</subfield>
    </datafield>
    <datafield tag="260" ind1="#" ind2="#">
      <subfield code="a">Jakarta :</subfield>
      <subfield code="b">Pusbangkader,</subfield>
      <subfield code="c">2021</subfield>
    </datafield>
    <datafield tag="300" ind1="#" ind2="#">
      <subfield code="a">100 halaman ;</subfield>
      <subfield code="c">30 cm</subfield>
    </datafield>
    <datafield tag="650" ind1="#" ind2="4">
      <subfield code="a">Integrasi data</subfield>
    </datafield>
    <datafield tag="520" ind1="#" ind2="#">
      <subfield code="a">Data penunjang kinerja kehumasan adalah data multimedia yang merupakan komponen penting untuk mendukung publikasi dan pemberian layanan permohonan informasi. Data yang tidak terintegrasi menimbulkan berbagai masalah seperti kerumitan koordinasi untuk mencari data dan hilangnya data yang akan berpengaruh kualitas publikasi dan pemberian layanan permohonan informasi. Dengan memanfaatkan teknolohi penyimpanan awan milik Google yakni Google Drive, maka akan memberikan solusi terhadap data-data yang sebelumnya tercecer menjadi terintegrasi di dalam satu database sehingga akan mempermudah penginventarisan, meminimalisir data hilang dan tentunya berdampak pada publikasi dan pelayanan informasi yang menjadi lebih baik.</subfield>
    </datafield>
    <datafield tag="856" ind1="#" ind2="#">
      <subfield code="a">Perpustakaan LAN Pusat</subfield>
    </datafield>
    <datafield tag="990" ind1="#" ind2="#">
      <subfield code="a">23.11.029</subfield>
    </datafield>
  </record>
</collection>
